000 00624nam a2200229Ia 4500
003 OSt
005 20221007075702.0
006 a|||||r|||| 00| 0
007 ta
008 221006b |||||||| |||| 00| 0 eng d
024 _a32,118
037 _cTextual
040 _aFLL
_cFLL
_beng
041 _2eng
_aeng
082 _aX:93:Z2, P4
100 _aKannabiran K.G.
245 0 _aWages of impunity power, justice and human rights
260 _aNew Delhi
_bOrient Longman Pvt. Ltd. India
_c2004
300 _a372p
_ccm.
942 _hX:93:Z2, P4
_cTEXL
_2CC
999 _c1157003
_d1157003